<The> Structure of External Financing in Malaysia <The> Policy Framework for Foreign Direct Investment and Debt Inflows
Salvato in:
| Autore principale: | |
|---|---|
| Natura: | Libro |
| Lingua: | inglese tedesco |
| Pubblicazione: |
Kiel
Institut für Weltwirtschaft
1989
|
| Edizione: | 1. Aufl. |
| Serie: | Working Paper
No.368 |
| Tags: |
Nessun Tag, puoi essere il primo ad aggiungerne!!
|
MARC
| LEADER | 00000nam a2200000 4500 | ||
|---|---|---|---|
| 001 | c031712 | ||
| 005 | 20221215114506.5 | ||
| 041 | 0 | |a eng | |
| 041 | 0 | |a ger | |
| 044 | |a DE | ||
| 245 | 1 | 0 | |a <The> Structure of External Financing in Malaysia |b <The> Policy Framework for Foreign Direct Investment and Debt Inflows |c Peter Nunhenhamp |
| 250 | |a 1. Aufl. | ||
| 264 | 1 | |a Kiel |b Institut für Weltwirtschaft |c 1989 | |
| 300 | |a 27 s. | ||
| 490 | 1 | |a Working Paper |v No.368 | |
| 830 | 0 | |a Working Paper |v No.368 | |
| 100 | 1 | |a Nunhenhamp, Peter | |